00806nam a2200217 4500003000400000005001700004008004100021040001800062050001700080100002300097245021900120264003900339300001800378336002200396337002400418338002400442650005500466700003500521942001500556999001700571OSt20260530115313.0260508b |||||||| |||| 00| 0 eng d aICIbspacICI aCB478 bM3221 aMcLuhan, Marshall,10a War and peace in the global village : ban inventory of some of the current spastic situations that could be eliminated by more feedforward /c[by] Marshall McLuhan [and] Quentin Fiore. Co-ordinated by Jerome Agel 1a New York :bMcGraw-Hill, c[1968] a190 páginas atexto2rdacontent asin medio2rdamedia avolumen2rdacarrier aGuerra y civilizaciónx Aspectos sociales933159 aFiore, Quentin, eautor933160 2lcccBKn1 c13463d13463